A vision of India : (Record no. 61137)

MARC details
000 -LEADER
fixed length control field 00951nam a22002057a 4500
005 - DATE AND TIME OF LATEST TRANSACTION
control field 20120118171222.0
020 ## - INTERNATIONAL STANDARD BOOK NUMBER
International Standard Book Number 9788124314135
Terms of availability 100.00
082 00 - DEWEY DECIMAL CLASSIFICATION NUMBER
Classification number 954
Edition number 21
100 1# - MAIN ENTRY--PERSONAL NAME
Personal name Khandpur, Swarn.
245 12 - TITLE STATEMENT
Title A vision of India :
Statement of responsibility, etc written by Swarn Khandpur ; illustrated by Pradeep Sathe.
Remainder of title profiles in excellence-2 /
260 ## - PUBLICATION, DISTRIBUTION, ETC. (IMPRINT)
Place of publication, distribution, etc Mumbai:
Name of publisher, distributor, etc Navneet Publications (India),
Date of publication, distribution, etc c1997
300 ## - PHYSICAL DESCRIPTION
Extent 48p.
Other physical details col. ill. ;
Dimensions 29 cm. (Pbk)
490 ## - SERIES STATEMENT
Series statement A vision of India
-- 39535
505 1# - FORMATTED CONTENTS NOTE
Formatted contents note bk. 1. The country -- bk. 2. Gujarat, Daman & Diu, Dadra & Nagar Haveli / visualiser & illustrator Prabhakar Wairkar
700 1# - ADDED ENTRY--PERSONAL NAME
Personal name Sathe, Pradeep.
9 (RLIN) 39514
700 1# - ADDED ENTRY--PERSONAL NAME
Personal name Wairkar, Prabhakar.
9 (RLIN) 39515
942 ## - ADDED ENTRY ELEMENTS (KOHA)
Source of classification or shelving scheme Dewey Decimal Classification
Item type English Books
Classification part 954
Call number suffix KHA
Holdings
Withdrawn status Lost status Not for loan Collection code Home library Current library Date acquired Cost, normal purchase price Full call number Copy number Cost, replacement price Koha item type
    Ordered Non-fiction Andrews Gunj Andrews Gunj 18/01/2012 100.00 954 KHA 1 100.00 English Books

© Delhi Public Library
Hit Counter
free hit counter